| 000 | 00334nam a2200133Ia 4500 | ||
|---|---|---|---|
| 008 | 210210b1975 xxu||||| |||| 00| 0 eng d | ||
| 082 | _a082 RIPL | ||
| 100 | _a- | ||
| 245 | _aRipley's believe it or not ! 8th series. | ||
| 260 |
_aNew York. _bPocket Books., _c1975 |
||
| 300 | _a192 | ||
| 690 | _aGeneral Collections | ||
| 906 | _a032920 | ||
| 999 |
_c83801 _d83801 |
||